000 00592nam a2200229Ia 4500
003 OSt
005 20220928102713.0
006 a|||||r|||| 00| 0
007 ta
008 220927b |||||||| |||| 00| 0 eng d
024 _a43319
037 _cTextual
040 _aSDCL
_cSDCL
_beng
041 _2eng
_aeng
082 _aR1, L1
100 _aLinsky Leonard Ed.
_9371061
245 0 _aRefference and modality.
260 _aOxford
_bOxford University Press
_c1971
300 _a175p.
_ccm.
942 _hR1, L1
_cTEXL
_2CC
999 _c715800
_d715800